000 00610nam a22001697a 4500
999 _c11244
_d11244
008 181022b ||||| |||| 00| 0 eng d
020 _a978-621415-073-1
082 _22016
_aDFil 814.008
_bB268
100 _aBaronda, Andrew John C.
_917315
245 _aCreative nonfiction /
_cAndrew John C. Baronda
260 _aManila:
_bJFS Publishing Services,
_c©2016.
300 _avii, 190 pages:
_billustrations;
_c25 cm.
650 _aAmerican prose literature -- 20th century -- Periodicals
_932369
650 _aReportage literature, American -- Periodicals
_932370
365 _b665.00
_cPhp.
942 _2ddc
_cDFIL